000 00541nam a2200217Ia 4500
003 OSt
005 20220928140924.0
006 a|||||r|||| 00| 0
007 ta
008 220927b |||||||| |||| 00| 0 eng d
024 _a12531
037 _cTextual
040 _aSDCL
_cSDCL
_beng
041 _2eng
_aeng
082 _aO-,3N:g, P2
100 _aLeader Zachary Ed.
_9498232
245 0 _aOn modern British fiction.
260 _c2002
942 _hO-,3N:g, P2
_cTEXL
_2CC
999 _c814940
_d814940